00449nam a2200133Ia 4500008004100000020001600041050002100057245001800078250012300096300003100219650002000250700003000270999001500300151015s9999 xx 000 0 und d a996690980x  aBF 637.O52 2009  aJoseph,Omole  a_How to become wise A collection of Quotes, sayings and Proverbs for Teaching, Preaching and Counselling Omole Joseph  aNairobi Scangraphics 2008  a_Becoming wise  a^d20110308 03:59:38^oanne c1236d1236